000 nam a22 a 4500
999 _c423634
_d423634
003 BLK
005 20210713120721.0
008 200316b bul|||||r ||||||| ||bul||
040 _aBLK
041 _aBUL
_cBUL
080 _aУнгарска литература
_b821.511.141
_x-31
_z821.511.141-31
100 _aСабо, Паал
_eпърви автор
_91299
139 _aСабо, Паал
245 1 0 _aХора
_cПаал Сабо; прев. от фр. Илия Младеновски Сланщанец.
257 _aBGR
260 _aСофия
_bСлавчо Атанасов
_c1944
_fСофия : Фар
_9212911
300 _a268 с.
_c19 см
380 _aX
490 _aБиблиотека Златни зърна
_vГ. VIII, кн. 5
_9201618
700 _aМладеновски-Сланщанец, Илия
_eпрев. от фр.
_91177
852 _aЦб 8.185.6696
_bО
856 4 _qpdf
_u
856 4 _qpdf
_u
942 _cKNG
_n0
_s1
944 _aCR
_c2021-07-13
_kМикаела Микова-Илиева
999 _d423634
999 _d525413